| 000 | 01120cad a22002175a 4500 | ||
|---|---|---|---|
| 001 | L151545 | ||
| 008 | 101116e2010 xxkd f s f000 0 eng d | ||
| 035 | _a(Sirsi) u151545 | ||
| 041 | 0 | _aeng | |
| 110 | 1 |
_aUnited Kingdom _bOffice of National Statistics _92035 |
|
| 245 | 0 | 0 |
_aOutput in the construction industry _bthird quarter 2010 _h[electronic resource] |
| 260 | _c2010 | ||
| 490 |
_aONS Statistical Bulletin _v(Third quarter 2010) 12 November 2010 |
||
| 520 | _aStatistics include total output in Great Britain 2005-2010, construction industry output (constant (2005) prices, seasonally adjusted), new housing, new infrastructure, new public non-housing, new private non-housing, housing repair and maintenance, non-housing repair and maintenance, revisions, further information sources. | ||
| 590 | _aKA NTK | ||
| 650 | 2 | 4 | _aONS NEW CONSTRUCTION ORDERS |
| 651 | 4 |
_aGreat Britain _y1707- |
|
| 690 | _aBUILT ENVIRONMENT-CONSTRUCTION MARKET | ||
| 856 | 4 | 0 |
_uhttps://www.ons.gov.uk/ons/publications/re-reference-tables.html?edition=tcm%3A77-213332 _zView the website free of charge at www.ons.gov.uk |
| 942 | _n0 | ||
| 999 |
_c111435 _d111435 |
||